[Event "ICS rated standard match"]
[Site "204.178.125.65"]
[Date "2001.07.13"]
[Round "?"]
[White "ChesterX"]
[Black "Hossa"]
[Result "1-0"]
[WhiteElo "2613"]
[BlackElo "2322"]
[PlyCount "150"]
[EventDate "2001.??.??"]

1. e4 e5 2. Nf3 Nc6 3. Bb5 a6 4. Ba4 Nf6 5. O-O Nxe4 6. d4 b5 7. Bb3 d5 8. dxe5
Be6 9. Nbd2 Nc5 10. c3 d4 11. Bxe6 Nxe6 12. cxd4 Ncxd4 13. a4 Be7 14. Nxd4 Nxd4
15. Nf3 Nxf3+ 16. Qxf3 O-O 17. Rd1 Qc8 18. Qc6 Qg4 19. Be3 Rfd8 20. f3 Qc4 21.
Qxc4 bxc4 22. Rxd8+ Rxd8 23. Rc1 Rd3 24. Kf2 Rb3 25. Rxc4 Rxb2+ 26. Kg3 Bd8 27.
Rd4 Rb8 28. Rd7 g6 29. Ba7 Rc8 30. Bc5 Rb8 31. Kf4 c6 32. Bd6 Rc8 33. Ke4 h6
34. Ra7 a5 35. Kd3 h5 36. Kc4 h4 37. Kc5 Bg5 38. Rxa5 Be3+ 39. Kc4 Bf4 40. Be7
h3 41. gxh3 Bxh2 42. Kd3 Bg1 43. Bc5 Bh2 44. Ke4 Re8 45. Bd6 f5+ 46. Kd3 g5 47.
Rc5 Ra8 48. a5 Bg3 49. Be7 Bf4 50. h4 gxh4 51. Bxh4 Kf7 52. Be1 Ra6 53. Bd2 Bg3
54. f4 Bh4 55. Rc1 Bd8 56. Bc3 Ke6 57. Kc4 Ra8 58. Ra1 Ra6 59. Rh1 Kf7 60. Rh2
Kg6 61. e6 Be7 62. Rg2+ Kh6 63. Rb2 c5 64. Rb7 Bh4 65. e7 Ra8 66. Be5 Bxe7 67.
Rxe7 Rxa5 68. Rf7 Kg6 69. Rf6+ Kh7 70. Rxf5 Kg6 71. Rg5+ Kf7 72. f5 Ra2 73.
Rg7+ Ke8 74. Kd5 Kd8 75. Bc7+ Ke8 {Hossa resigns} 1-0

[Event "ICS rated blitz match"]
[Site "204.178.125.65"]
[Date "2001.07.13"]
[Round "?"]
[White "Hossa"]
[Black "kidza"]
[Result "1-0"]
[WhiteElo "2607"]
[BlackElo "2082"]
[PlyCount "43"]
[EventDate "2001.??.??"]

1. e4 e5 2. Nf3 Nc6 3. Bb5 a6 4. Bxc6 dxc6 5. O-O Bg4 6. h3 h5 7. d3 Qf6 8.
Nbd2 Bd6 9. a4 Ne7 10. b3 Ng6 11. Rb1 Nf4 12. Kh1 Bb4 13. Nc4 Nxh3 14. Ncxe5
Bd6 15. Bb2 Nf4 16. Qd2 Bxf3 17. Nxf3 Qg6 18. Rg1 h4 19. e5 h3 20. g3 h2 21.
Rgf1 Qg4 22. Qxf4 {kidza resigns} 1-0

[Event "ICS rated blitz match"]
[Site "204.178.125.65"]
[Date "2001.07.13"]
[Round "?"]
[White "Tinker"]
[Black "Hossa"]
[Result "1/2-1/2"]
[WhiteElo "2552"]
[BlackElo "2608"]
[PlyCount "142"]
[EventDate "2001.??.??"]

1. e4 e5 2. Nf3 Nf6 3. Nxe5 d6 4. Nf3 Nxe4 5. d4 d5 6. Bd3 Bf5 7. c3 Be7 8. Qe2
O-O 9. Nbd2 Re8 10. Nxe4 dxe4 11. Bxe4 Bxe4 12. Qxe4 Bd6 13. Ne5 Nc6 14. O-O
Bxe5 15. dxe5 Rxe5 16. Qf3 Qd5 17. Qg3 Ne7 18. Bf4 Re2 19. Rfd1 Qe4 20. Rab1 c6
21. Bg5 Re8 22. h3 Nd5 23. Bh6 Qg6 24. Qxg6 fxg6 25. Bd2 Kf7 26. Kf1 b5 27. Bg5
h6 28. Bh4 a5 29. Re1 Rxe1+ 30. Rxe1 Rxe1+ 31. Kxe1 Nf4 32. Kf1 Nd3 33. b3 Nc1
34. Bd8 Nxa2 35. Bxa5 Nc1 36. b4 Na2 37. Bb6 Nxc3 38. h4 Ke6 39. Bd4 Na2 40.
Bxg7 Nxb4 41. Bxh6 Nd5 42. Ke2 c5 43. g4 c4 44. Kd1 Nf6 45. f3 b4 46. Kc2 Nd5
47. Bd2 b3+ 48. Kb2 Nb6 49. Bc1 Na4+ 50. Ka3 Nc5 51. Bb2 Nd3 52. Bh8 Nf4 53.
Kb4 Kd5 54. Bg7 Ne6 55. Bf6 Nd4 56. Kc3 Nb5+ 57. Kb4 Nd6 58. h5 gxh5 59. gxh5
Nf5 60. Bc3 Nh6 61. Bb2 Nf7 62. Bc3 Nh6 63. Bg7 Nf7 64. Ka3 Ng5 65. f4 Nf7 66.
h6 Ke4 67. Kb4 Kxf4 68. Kxc4 Kg5 69. h7 b2 70. Bxb2 Kh6 71. Kb3 Kxh7 {
Game drawn because neither player has mating material} 1/2-1/2

[Event "ICS rated bullet match"]
[Site "204.178.125.65"]
[Date "2001.07.13"]
[Round "?"]
[White "Hossa"]
[Black "Tinker"]
[Result "0-1"]
[WhiteElo "2601"]
[BlackElo "2488"]
[PlyCount "134"]
[EventDate "2001.??.??"]

1. e4 c5 2. Nf3 d6 3. d4 cxd4 4. Qxd4 Nc6 5. Bb5 Bd7 6. Bxc6 Bxc6 7. Nc3 Nf6 8.
Bg5 e6 9. O-O-O Be7 10. Rhe1 O-O 11. Qd2 Qc7 12. Nd4 Rfd8 13. Kb1 Be8 14. Re3
Ng4 15. Rg3 Ne5 16. Ndb5 Qd7 17. Bxe7 Qxe7 18. f4 Ng6 19. Nxd6 Qh4 20. Rf1 Bc6
21. Rh3 Qf6 22. Rhf3 Rab8 23. g4 Qe7 24. Rd3 e5 25. Rd1 Qh4 26. Nf5 Rxd3 27.
cxd3 Qxg4 28. fxe5 Ra8 29. Qf2 Qh5 30. Rg1 Re8 31. d4 a6 32. h4 Rc8 33. d5 Bb5
34. Rg5 Qd1+ 35. Nxd1 Bd3+ 36. Qc2 Bxc2+ 37. Kc1 Bxe4+ 38. Kd2 Rd8 39. Nc3 Bxd5
40. Nd6 Nxh4 41. Ke3 Bc6 42. Rg4 Ng6 43. Kd4 f6 44. Kc5 Nxe5 45. Rd4 Rf8 46.
Kb6 Nd7+ 47. Kc7 Nc5 48. Kb6 Ne6 49. Rc4 Nd8 50. Nf5 Kh8 51. Ne7 Bf3 52. Rh4 g5
53. Rh3 Bg4 54. Rg3 f5 55. Ncd5 Rf7 56. Kc7 Nc6 57. Kd6 Nxe7 58. Nxe7 h5 59.
Rb3 Kg7 60. Rxb7 f4 61. Kc5 f3 62. Rb6 Rxe7 63. Kd6 Rd7+ 64. Ke5 f2 65. Ke4
f1=Q 66. Rd6 Rxd6 67. b3 Qe1# {Hossa checkmated} 0-1

[Event "ICS rated blitz match"]
[Site "204.178.125.65"]
[Date "2001.07.13"]
[Round "?"]
[White "ChesterX"]
[Black "Hossa"]
[Result "1/2-1/2"]
[WhiteElo "2756"]
[BlackElo "2605"]
[PlyCount "234"]
[EventDate "2001.??.??"]

1. Nf3 c5 2. Nc3 d5 3. e4 d4 4. Ne2 Nc6 5. Ng3 h5 6. Bb5 h4 7. Bxc6+ bxc6 8.
Ne2 h3 9. g3 Rb8 10. O-O Rh5 11. d3 e5 12. Nd2 Nf6 13. f4 exf4 14. Nxf4 Bg4 15.
Qe1 Rh6 16. Nc4 Nd7 17. Ne2 g5 18. c3 Bg7 19. e5 dxc3 20. Nxc3 Nxe5 21. Nxe5
Qd4+ 22. Rf2 Re6 23. Bxg5 Bxe5 24. Qd2 c4 25. dxc4 Qxd2 26. Rxd2 Bxc3 27. bxc3
Kf8 28. Bf4 Rbe8 29. Bd6+ Kg7 30. Bc5 a6 31. a3 Be2 32. Rd4 Rf6 33. Rh4 Rf5 34.
Bd4+ Kg6 35. c5 Rh5 36. Re1 Re6 37. Rb1 Rxh4 38. gxh4 Kh5 39. Bf2 f5 40. Rb4
Bd3 41. Rd4 Be4 42. Bg3 Kg4 43. Be1 f4 44. Rd6 Rg6 45. Kf2 Rg7 46. Rf6 Bd5 47.
Bd2 Rf7 48. Rxf7 Bxf7 49. Bc1 Kf5 50. Ke1 Ke4 51. Bd2 a5 52. a4 Kf5 53. c4 Bxc4
54. Bxa5 Bb3 55. Bd8 Bxa4 56. h5 Bc2 57. Kd2 Be4 58. Be7 Kg4 59. h6 Kf3 60. Bd6
Bf5 61. Bb8 Bb1 62. Be5 Bh7 63. Ke1 Bf5 64. Bd6 Ke3 65. Bb8 Be4 66. Bc7 f3 67.
Bg3 Bg6 68. Bf2+ Kf4 69. Bh4 Kg4 70. Bf6 Be4 71. Bd4 Kh5 72. Be3 Bh7 73. Kf2
Kg4 74. Bd2 Bg6 75. Bc1 Bf5 76. Ke3 Bh7 77. Bb2 Bc2 78. Bc3 Bf5 79. Bd2 Bb1 80.
Ba5 Bc2 81. Bb4 Bf5 82. Bc3 Bc2 83. Be5 Bf5 84. Bg7 Bc2 85. Bf8 Bf5 86. Bd6 Bc2
87. Be7 Bf5 88. Bf8 Bh7 89. Kf2 Bd3 90. Bg7 Kf4 91. Bf6 Bb1 92. Ba1 Bf5 93. Bd4
Bc2 94. Bc3 Be4 95. Be1 Bd3 96. Bd2+ Kg4 97. Ke3 Bh7 98. Be1 Bc2 99. Ba5 Bf5
100. Kf2 Bd3 101. Ke1 Kh5 102. Bd2 Bh7 103. Kf2 Kg4 104. Bb4 Bd3 105. Ba3 Bb1
106. Bb2 Bc2 107. Ke3 Bf5 108. Be5 Bc2 109. Bg7 Bf5 110. Bd4 Bc2 111. Ba1 Bf5
112. Bh8 Bc2 113. Bd4 Bf5 114. Kf2 Bd3 115. Bb2 Kf4 116. Bc1+ Kg4 117. Bb2 Kf4
{Game drawn by the 50 move rule} 1/2-1/2

[Event "ICS rated blitz match"]
[Site "204.178.125.65"]
[Date "2001.07.13"]
[Round "?"]
[White "Hossa"]
[Black "ChesterX"]
[Result "0-1"]
[WhiteElo "2612"]
[BlackElo "2749"]
[PlyCount "71"]
[EventDate "2001.??.??"]

1. d4 d5 2. e4 dxe4 3. Nc3 e5 4. dxe5 Qxd1+ 5. Kxd1 Nc6 6. Nxe4 Nxe5 7. Bf4 Bf5
8. Bxe5 Bxe4 9. Bxc7 Rc8 10. Ba5 Bxc2+ 11. Kd2 Ba4 12. Bd3 Bc5 13. Nh3 Ne7 14.
Rae1 O-O 15. Ng5 Ng6 16. Rhf1 b6 17. Bc3 Rfd8 18. f4 Nh4 19. Ke2 Nxg2 20. Ra1
Nh4 21. Bxh7+ Kh8 22. Bd3 Re8+ 23. Kd2 Be3+ 24. Ke2 Bxf4+ 25. Ne4 Ng6 26. Kf2
Rcd8 27. Bb1 Bc6 28. Re1 Ne5 29. Bxe5 Bxe5 30. Re2 Rd1 31. Re3 Bd4 32. Ke2 Rh1
33. Rb3 Rxh2+ 34. Kd1 Bd7 35. a4 Bg4+ 36. Ke1 {Hossa resigns} 0-1

[Event "ICS Rated standard match"]
[Site "204.178.125.65"]
[Date "2001.07.13"]
[Round "?"]
[White "Hossa"]
[Black "dori"]
[Result "1-0"]
[WhiteElo "2317"]
[BlackElo "2032"]
[PlyCount "87"]
[EventDate "2001.??.??"]

1. Nf3 Nf6 2. d4 g6 3. c4 Bg7 4. g3 O-O 5. Bg2 d6 6. O-O c6 7. Nc3 a6 8. Bf4 b5
9. c5 d5 10. Qd2 Nfd7 11. Bh6 Re8 12. Bxg7 Kxg7 13. Qf4 e6 14. a4 b4 15. Nd1 a5
16. Ne3 Qf6 17. Qc7 e5 18. Ng4 Qe6 19. Ngxe5 Nxe5 20. Nxe5 Re7 21. Qd6 Qxd6 22.
cxd6 Re8 23. Rfc1 Bb7 24. e4 f6 25. exd5 fxe5 26. dxc6 Bxc6 27. Rxc6 Nxc6 28.
Bxc6 exd4 29. Rd1 Red8 30. Bxa8 Rxa8 31. Rxd4 Kf7 32. d7 Rd8 33. Rd5 Ke6 34.
Rxa5 Rxd7 35. Rb5 Rd4 36. Rb6+ Kf5 37. b3 h5 38. Kg2 g5 39. Rb5+ Kf6 40. a5 Kg6
41. a6 Rd6 42. a7 Ra6 43. Rb6+ Rxb6 44. a8=Q {dori resigns} 1-0

[Event "ICS rated standard match"]
[Site "204.178.125.65"]
[Date "2001.07.13"]
[Round "?"]
[White "cux2001"]
[Black "Hossa"]
[Result "0-1"]
[WhiteElo "2200"]
[BlackElo "2322"]
[PlyCount "72"]
[EventDate "2001.??.??"]

1. e4 e5 2. Nf3 Nf6 3. Nxe5 d6 4. Nf3 Nxe4 5. d4 d5 6. Bd3 Bf5 7. O-O Nc6 8.
Re1 Be7 9. c3 O-O 10. Bf4 Re8 11. Qc2 Qd7 12. Nbd2 Bd6 13. Bxd6 Nxd6 14. Ne5
Bxd3 15. Qxd3 Qf5 16. Qxf5 Nxf5 17. Nxc6 bxc6 18. Nb3 g5 19. Na5 Ne7 20. Kf1
Kf8 21. Re5 h6 22. Rae1 Rac8 23. f3 Ra8 24. Kf2 Rac8 25. R1e2 Ra8 26. g3 Rac8
27. g4 Ra8 28. Kg3 Rac8 29. R5e3 Ra8 30. Re1 Rac8 31. h4 gxh4+ 32. Kxh4 Ng6+
33. Kh5 Rxe3 34. Rxe3 Kg7 35. Nxc6 Nf4+ 36. Kh4 Ng2+ {cux2001 resigns} 0-1

[Event "ICS rated blitz match"]
[Site "204.178.125.65"]
[Date "2001.07.13"]
[Round "?"]
[White "Hossa"]
[Black "PostModernist"]
[Result "1-0"]
[WhiteElo "2616"]
[BlackElo "2679"]
[PlyCount "81"]
[EventDate "2001.??.??"]

1. e4 c5 2. Nf3 d6 3. c3 Nf6 4. Be2 Nbd7 5. d3 b6 6. O-O Bb7 7. Be3 e5 8. Nfd2
d5 9. exd5 Nxd5 10. Bf3 Be7 11. c4 Nxe3 12. fxe3 Bxf3 13. Qxf3 O-O 14. Nc3 Nf6
15. Nd5 Qd7 16. e4 Rfe8 17. Rf2 Qd6 18. Nf1 Rf8 19. Ng3 Nxd5 20. Nf5 Qg6 21.
Re1 Bd6 22. exd5 Qf6 23. Qh5 Bc7 24. Re3 g6 25. Nh6+ Kh8 26. Rxf6 gxh5 27. Rg3
e4 28. d6 h4 29. Rg4 Bxd6 30. Rxd6 f5 31. Rg5 h3 32. dxe4 fxe4 33. Rd7 Rf6 34.
Nf7+ Rxf7 35. Rxf7 hxg2 36. Rh5 h6 37. Rxh6+ Kg8 38. Rhh7 Rd8 39. Rfg7+ Kf8 40.
Rxa7 Kg8 41. Kxg2 {PostModernist resigns} 1-0

[Event "ICS rated blitz match"]
[Site "204.178.125.65"]
[Date "2001.07.13"]
[Round "?"]
[White "georgie"]
[Black "Hossa"]
[Result "0-1"]
[WhiteElo "2260"]
[BlackElo "2635"]
[PlyCount "152"]
[EventDate "2001.??.??"]

1. d4 Nf6 2. c4 e6 3. Nc3 Bb4 4. Qc2 d5 5. cxd5 Qxd5 6. e3 c5 7. Bd2 Bxc3 8.
Bxc3 cxd4 9. Bxd4 Nc6 10. Bc3 O-O 11. Nf3 Qc5 12. a3 Nd5 13. Bd3 f5 14. Rc1
Nxc3 15. Qxc3 Qxc3+ 16. Rxc3 Rd8 17. O-O h6 18. h4 Bd7 19. Bc4 Kf7 20. Rd1 Be8
21. Rxd8 Rxd8 22. Rd3 Rxd3 23. Bxd3 Kf6 24. Bb5 a6 25. Bxc6 Bxc6 26. Nd4 Bd5
27. Ne2 Bc4 28. Nc3 b5 29. b4 g5 30. hxg5+ hxg5 31. f4 e5 32. g3 Bf7 33. Kf2
Be6 34. Kf3 Bc8 35. Kf2 Bb7 36. Ke2 Bc6 37. fxe5+ Kxe5 38. Kd3 Bd5 39. Ke2 Bb3
40. Kd3 Bf7 41. Kd2 Bh5 42. Kd3 Bf3 43. Kd2 Bb7 44. Kd3 Be4+ 45. Kd2 Bh1 46.
Kd3 Bc6 47. Kd2 Be8 48. Kd3 Bh5 49. Kd2 Bf3 50. Kd3 Bb7 51. Kd2 Bc8 52. Kd3 Be6
53. Kd2 Bc4 54. Ke1 Kd6 55. Kd2 Ke6 56. Ke1 Ke5 57. Kd2 Bf1 58. Ke1 Bd3 59. Kd2
Be4 60. Ke2 Bg2 61. Kd3 Bf1+ 62. Kd2 Ke6 63. Nd1 Kd5 64. a4 bxa4 65. Nc3+ Kc4
66. Nxa4 Kxb4 67. Nb6 a5 68. Nd5+ Kb3 69. Ne7 a4 70. Nxf5 a3 71. Nd4+ Kb2 72.
Nc2 a2 73. e4 Bg2 74. e5 Be4 75. Na1 Kxa1 76. Kc1 Bf5 {georgie resigns} 0-1

[Event "ICS rated blitz match"]
[Site "204.178.125.65"]
[Date "2001.07.13"]
[Round "?"]
[White "Hossa"]
[Black "mambrino"]
[Result "1-0"]
[WhiteElo "2642"]
[BlackElo "2167"]
[PlyCount "113"]
[EventDate "2001.??.??"]

1. e4 c5 2. Nf3 e6 3. d4 cxd4 4. Nxd4 Nf6 5. Nc3 Nc6 6. Ndb5 d6 7. Bf4 e5 8.
Bg5 a6 9. Na3 b5 10. Nd5 Be7 11. Bxf6 Bxf6 12. c3 Bg5 13. Bd3 O-O 14. O-O Be6
15. Bc2 Bxd5 16. Qxd5 Ne7 17. Qd3 g6 18. Rad1 Nc8 19. Bb3 Kh8 20. c4 f5 21.
cxb5 axb5 22. Nxb5 fxe4 23. Qxe4 Rb8 24. Nxd6 Nxd6 25. Qxe5+ Bf6 26. Qxd6 Qxd6
27. Rxd6 Bxb2 28. Rd7 Rbe8 29. a4 Re4 30. a5 Bd4 31. g3 Bc5 32. a6 Re2 33. Bf7
Ra8 34. Bd5 Ra7 35. Rxa7 Bxa7 36. Kg2 Rd2 37. Bc4 Rc2 38. Bd3 Rd2 39. Bb5 Rb2
40. Bc6 Rc2 41. Bb7 g5 42. h3 h5 43. Kf3 Kg7 44. Be4 Kf6 45. Bxc2 h4 46. gxh4
gxh4 47. Rb1 Ke5 48. Rb7 Bd4 49. a7 Bxa7 50. Rxa7 Kd4 51. Rd7+ Kc3 52. Bd3 Kb4
53. Rc7 Kb3 54. Rb7+ Kc3 55. Ke4 Kd2 56. Kd4 Ke1 57. Ke3 {mambrino resigns} 1-0

[Event "ICS rated blitz match"]
[Site "204.178.125.65"]
[Date "2001.07.13"]
[Round "?"]
[White "mambrino"]
[Black "Hossa"]
[Result "0-1"]
[WhiteElo "2165"]
[BlackElo "2644"]
[PlyCount "43"]
[EventDate "2001.??.??"]

1. e4 c5 2. Nf3 d6 3. d4 cxd4 4. Nxd4 Nf6 5. Nc3 g6 6. Be3 Bg7 7. f3 O-O 8. Qd2
Nc6 9. g4 Be6 10. O-O-O Nxd4 11. Bxd4 Qa5 12. Kb1 Rfc8 13. a3 Bc4 14. h4 Bxf1
15. Rdxf1 Rc4 16. Be3 Rac8 17. Rc1 Rxc3 18. bxc3 Qb5+ 19. Ka2 Nxe4 20. fxe4
Bxc3 21. Qxc3 Rxc3 22. Bd4 {mambrino resigns} 0-1

[Event "ICS rated blitz match"]
[Site "204.178.125.65"]
[Date "2001.07.13"]
[Round "?"]
[White "mambrino"]
[Black "Hossa"]
[Result "0-1"]
[WhiteElo "2161"]
[BlackElo "2648"]
[PlyCount "40"]
[EventDate "2001.??.??"]

1. e4 c5 2. Nf3 d6 3. d4 cxd4 4. Nxd4 Nf6 5. Nc3 e6 6. f3 Be7 7. Be3 O-O 8. Qd2
Nc6 9. O-O-O d5 10. Qe1 e5 11. Nf5 Bxf5 12. exf5 d4 13. Bg5 Qa5 14. Bxf6 Bxf6
15. Ne4 Qxa2 16. Nxf6+ gxf6 17. Qg3+ Kh8 18. Qh4 Rg8 19. Qxf6+ Rg7 20. Bb5 Qa1+
{mambrino resigns} 0-1

[Event "ICS Rated blitz match"]
[Site "204.178.125.65"]
[Date "2001.07.13"]
[Round "?"]
[White "Hossa"]
[Black "mambrino"]
[Result "1-0"]
[WhiteElo "2650"]
[BlackElo "2159"]
[PlyCount "37"]
[EventDate "2001.??.??"]

1. e4 c5 2. Nf3 Nc6 3. Bc4 e6 4. O-O a6 5. d4 b5 6. d5 Nb8 7. Be2 d6 8. e5 dxe5
9. dxe6 Bxe6 10. Qxd8+ Kxd8 11. Nxe5 Bd6 12. Bf4 Kc7 13. Bf3 Ra7 14. Rd1 g5 15.
Bg3 f6 16. Rxd6 Kxd6 17. Nc6+ Kd7 18. Nxa7 Ne7 19. Nc3 {mambrino resigns} 1-0

[Event "ICS rated blitz match"]
[Site "204.178.125.65"]
[Date "2001.07.13"]
[Round "?"]
[White "mambrino"]
[Black "Hossa"]
[Result "0-1"]
[WhiteElo "2157"]
[BlackElo "2652"]
[PlyCount "80"]
[EventDate "2001.??.??"]

1. e4 e5 2. Nf3 Nc6 3. d4 exd4 4. Nxd4 Nf6 5. Nxc6 bxc6 6. e5 Qe7 7. Qe2 Nd5 8.
c4 Ba6 9. b3 g5 10. Bb2 Nf4 11. Qe4 Bg7 12. g3 Ng6 13. Bh3 Nxe5 14. O-O Nf3+
15. Qxf3 Bxb2 16. Nd2 Bxa1 17. Rxa1 O-O-O 18. Ne4 h5 19. Bf5 h4 20. g4 Kb8 21.
Qc3 Bc8 22. Qa5 Rhe8 23. h3 d6 24. Bxc8 Qxe4 25. Ba6 Qd4 26. Rf1 Re5 27. Qa4
Rde8 28. Qxc6 Qb6 29. Qxb6+ cxb6 30. Bb5 R8e7 31. Bc6 Re2 32. a4 Rb2 33. Rd1
Rxb3 34. Rxd6 Rxh3 35. Bd5 Ra3 36. Rf6 Rxa4 37. Bxf7 Re4 38. Be6 Ra3 39. f3 Re2
40. Kf1 Rc2 {mambrino resigns} 0-1

[Event "ICS rated blitz match"]
[Site "204.178.125.65"]
[Date "2001.07.13"]
[Round "?"]
[White "Hossa"]
[Black "mambrino"]
[Result "1-0"]
[WhiteElo "2654"]
[BlackElo "2155"]
[PlyCount "41"]
[EventDate "2001.??.??"]

1. e4 c5 2. Nf3 Nc6 3. Bc4 e6 4. O-O d5 5. exd5 exd5 6. Re1+ Be7 7. Bb5 d4 8.
Ne5 Bd7 9. Nxd7 Qxd7 10. Qh5 Kf8 11. d3 Nf6 12. Qf3 h6 13. a4 g6 14. Kh1 Kg7
15. Bd2 Rac8 16. Na3 a6 17. Bxc6 Rxc6 18. Nc4 Bd6 19. Nxd6 Rxd6 20. Bf4 Rd5 21.
Be5 {mambrino resigns} 1-0

[Event "ICS rated blitz match"]
[Site "204.178.125.65"]
[Date "2001.07.13"]
[Round "?"]
[White "Smartguy"]
[Black "Hossa"]
[Result "0-1"]
[WhiteElo "2283"]
[BlackElo "2656"]
[PlyCount "72"]
[EventDate "2001.??.??"]

1. e4 e5 2. Nf3 Nc6 3. d4 exd4 4. Bc4 Nf6 5. e5 Ng4 6. Qe2 Bb4+ 7. Bd2 Bxd2+ 8.
Nbxd2 O-O 9. O-O-O Re8 10. Rde1 d6 11. Nxd4 Nxd4 12. Qd3 dxe5 13. Rhf1 Bf5 14.
Qg3 Nxc2 15. Re2 b5 16. Bb3 Nd4 17. Ree1 Nxb3+ 18. Nxb3 Qd3 19. Qxd3 Bxd3 20.
Rg1 Nxf2 21. Re3 e4 22. Rge1 f5 23. g3 Ng4 24. Nc5 Nxe3 25. Rxe3 Rad8 26. h4
Kf7 27. Nb3 Re5 28. Nd2 Rc5+ 29. Kd1 Rc2 30. Ke1 Rxb2 31. Nb3 Rxa2 32. Nc5 b4
33. Nxd3 exd3 34. Rf3 d2+ 35. Kf2 d1=Q+ 36. Ke3 Qd2# {Smartguy checkmated} 0-1

[Event "ICS rated blitz match"]
[Site "204.178.125.65"]
[Date "2001.07.13"]
[Round "?"]
[White "Hossa"]
[Black "Smartguy"]
[Result "1-0"]
[WhiteElo "2659"]
[BlackElo "2280"]
[PlyCount "67"]
[EventDate "2001.??.??"]

1. d4 Nf6 2. Bg5 Ne4 3. h4 d5 4. Nd2 Nxd2 5. Qxd2 Bf5 6. O-O-O h6 7. Bf4 e6 8.
e3 c5 9. dxc5 Bxc5 10. Qc3 Bf8 11. Bb5+ Nd7 12. Bc7 Qc8 13. Kb1 f6 14. Ne2 a6
15. Bd3 Bxd3 16. cxd3 Be7 17. Rc1 Bd8 18. Nf4 Nf8 19. Qa5 Be7 20. e4 d4 21.
Qh5+ Kd7 22. Bb6 Bd6 23. Qf7+ Be7 24. Rxc8 Rxc8 25. Nh5 Nh7 26. Nxg7 Rc6 27.
Bxd4 Rf8 28. Qg6 Rh8 29. e5 f5 30. Qxh6 Bf8 31. Rc1 Rxc1+ 32. Kxc1 Ke7 33.
Qxe6+ Kd8 34. Bb6# {Smartguy checkmated} 1-0

[Event "ICS rated blitz match"]
[Site "204.178.125.65"]
[Date "2001.07.13"]
[Round "?"]
[White "Hossa"]
[Black "baldomero"]
[Result "1-0"]
[WhiteElo "2668"]
[BlackElo "2348"]
[PlyCount "70"]
[EventDate "2001.??.??"]

1. d4 Nf6 2. c4 e6 3. Nf3 d5 4. Nc3 Be7 5. Bg5 O-O 6. e3 Nbd7 7. cxd5 exd5 8.
Bd3 c6 9. O-O Ne8 10. Bxe7 Qxe7 11. e4 dxe4 12. Nxe4 Ndf6 13. Re1 Nd6 14. Neg5
Qc7 15. Qc2 h6 16. Nh7 Nxh7 17. Bxh7+ Kh8 18. Bd3 Be6 19. Ne5 Bd5 20. Bf5 Rae8
21. Bd7 Rd8 22. Bg4 Kg8 23. Re3 Qb6 24. Nd7 Rxd7 25. Bxd7 Qxd4 26. Rd3 Qf6 27.
Ra3 a6 28. Re3 g6 29. Rd1 Kg7 30. b3 h5 31. Rde1 Rd8 32. Bh3 Nb5 33. Qc5 Nd6
34. Qb6 Rf8 35. Re7 Rd8 {baldomero resigns} 1-0

[Event "ICS rated blitz match"]
[Site "204.178.125.65"]
[Date "2001.07.13"]
[Round "?"]
[White "baldomero"]
[Black "Hossa"]
[Result "0-1"]
[WhiteElo "2339"]
[BlackElo "2672"]
[PlyCount "32"]
[EventDate "2001.??.??"]

1. e4 e5 2. Nf3 Nf6 3. Nxe5 d6 4. Nf3 Nxe4 5. Qe2 Qe7 6. d3 Nf6 7. Bg5 Bg4 8.
Bxf6 gxf6 9. Qxe7+ Bxe7 10. Be2 Nc6 11. Nc3 O-O-O 12. O-O-O Rhg8 13. g3 Rde8
14. Nh4 f5 15. Nf3 Bf6 16. Rde1 Bxc3 {baldomero resigns} 0-1

[Event "ICS rated standard match"]
[Site "204.178.125.65"]
[Date "2001.07.13"]
[Round "?"]
[White "AvernoX"]
[Black "Hossa"]
[Result "0-1"]
[WhiteElo "2156"]
[BlackElo "2323"]
[PlyCount "292"]
[EventDate "2001.??.??"]

1. e4 e5 2. d4 exd4 3. Nf3 Nc6 4. Bc4 Nf6 5. e5 Ne4 6. Bd5 Bb4+ 7. Kf1 f5 8.
Nxd4 Qh4 9. Be3 Nxd4 10. Bxe4 Qxe4 11. Qxd4 b6 12. Nc3 Qxd4 13. Bxd4 Bb7 14.
Nb5 Ba6 15. c4 Kf7 16. Kg1 Bxb5 17. cxb5 Ke6 18. Rc1 Rac8 19. h4 c6 20. a3 Be7
21. bxc6 Rxc6 22. Bc3 Rhc8 23. h5 Bxa3 24. Ra1 Rxc3 25. bxc3 Rxc3 26. Rh3 Rxh3
27. gxh3 Bb2 28. Rxa7 Bxe5 29. Rb7 Bd4 30. Kg2 h6 31. Kg3 Kd6 32. Rb8 Be5+ 33.
f4 Kc7 34. Re8 Bf6 35. Re1 b5 36. Rb1 Kc6 37. Rc1+ Kd5 38. Rc8 b4 39. Rb8 Kc4
40. Kf3 b3 41. Ke3 b2 42. Kd2 Bc3+ 43. Kc2 Bd4 44. Rf8 Bf6 45. Rb8 d6 46. h4
Kd5 47. Kd3 Bd4 48. Rb7 Kc5 49. Rb3 d5 50. Rb8 Bf6 51. Rb7 Bd4 52. Rb3 Bf6 53.
Rb7 Bd4 54. Rb3 Bf6 55. Rb7 Kd6 56. Rb6+ Kc7 57. Rb5 Kc6 58. Rb3 Kd7 59. Rb7+
Ke6 60. Rb6+ Ke7 61. Rb7+ Kf8 62. Kc2 Ke8 63. Rb5 Kd7 64. Rxd5+ Ke6 65. Rd1 Ke7
66. Rd2 Kf7 67. Rd6 Bc3 68. Rb6 Bd4 69. Rb4 Bf6 70. Rb3 Ke6 71. Rb5 Bd4 72. Kd3
Bf6 73. Kc4 Kd6 74. Rb7 Kc6 75. Rb3 Kd6 76. Rb4 Kc6 77. Kd3 Kc5 78. Rb7 Bd4 79.
Rb3 Kd5 80. Rb8 Kc5 81. Rc8+ Kd6 82. Kc2 Kd5 83. Re8 Bf6 84. Kb1 Kc6 85. Re6+
Kc5 86. Re2 Kc4 87. Kc2 Kd4 88. Re6 Kd5 89. Re1 Kc4 90. Rd1 Kc5 91. Rd7 Kc6 92.
Rd2 Bc3 93. Rd8 Bf6 94. Rb8 Kd6 95. Kd3 Kc7 96. Rb5 Kd6 97. Ke3 Bc3 98. Rb3 Kd5
99. Kd3 Bd4 100. Rb4 Bf6 101. Kc2 Kd6 102. Rc4 Ke6 103. Rc5 Bd4 104. Ra5 Bc3
105. Ra7 Kd5 106. Ra3 Bd4 107. Ra6 Ke4 108. Ra4 Ke3 109. Rb4 Bf6 110. Rc4 Kf3
111. Rb4 Kg4 112. Rb5 Kxf4 113. Rb4+ Kg3 114. Kd2 f4 115. Ke2 Kg2 116. Kd3 f3
117. Rg4+ Kh3 118. Rg1 f2 119. Rf1 Kg2 120. Ke2 Bxh4 121. Rd1 Bf6 122. Rf1 Bd4
123. Rd1 Be5 124. Rf1 Bg3 125. Rd1 Bf4 126. Rf1 Be3 127. Rd1 Bd2 128. Kxd2 f1=Q
129. Rxf1 Kxf1 130. Kc2 b1=Q+ 131. Kxb1 Kg2 132. Kc2 Kg3 133. Kd2 Kg4 134. Ke3
Kxh5 135. Kf3 g5 136. Kg3 g4 137. Kf2 Kh4 138. Ke3 g3 139. Kf3 h5 140. Kg2 Kg4
141. Kg1 Kf3 142. Kf1 g2+ 143. Ke1 g1=Q+ 144. Kd2 Qc5 145. Kd1 Ke3 146. Ke1
Qc1# {AvernoX checkmated} 0-1

[Event "ICS Rated standard match"]
[Site "204.178.125.65"]
[Date "2001.07.14"]
[Round "?"]
[White "Hossa"]
[Black "Junior7"]
[Result "0-1"]
[WhiteElo "2332"]
[BlackElo "2002"]
[PlyCount "75"]
[EventDate "2001.??.??"]

1. e4 e5 2. Nf3 Nf6 3. Nxe5 d6 4. Nf3 Nxe4 5. Qe2 Qe7 6. d3 Nf6 7. Nc3 Nbd7 8.
Be3 c6 9. g3 Ne5 10. Nxe5 dxe5 11. Bg2 Bg4 12. f3 Be6 13. O-O-O Qc7 14. d4 Bd6
15. dxe5 Bxe5 16. Na4 O-O 17. Nc5 Bxa2 18. f4 Bd6 19. b3 Qe7 20. Nd3 Rfe8 21.
Rde1 Ba3+ 22. Kd1 Rad8 23. Bf2 Qf8 24. Qf3 Rxd3+ 25. Qxd3 Rd8 26. Bd4 c5 27.
Ke2 Rxd4 28. Qf3 c4 29. Kf1 Bb4 30. Ra1 Ne4 31. Qh5 cxb3 32. Bxe4 g6 33. Qe5
Bc3 34. cxb3 Bxa1 35. Qa5 Bxb3 36. Bxb7 Qe7 37. Bf3 Qe3 38. Be2 {Hossa resigns}
0-1

[Event "ICS rated standard match"]
[Site "204.178.125.65"]
[Date "2001.07.14"]
[Round "?"]
[White "Junior7"]
[Black "Hossa"]
[Result "1/2-1/2"]
[WhiteElo "2030"]
[BlackElo "2304"]
[PlyCount "78"]
[EventDate "2001.??.??"]

1. e4 e5 2. Nf3 Nc6 3. Bb5 a6 4. Bxc6 dxc6 5. O-O f6 6. d4 exd4 7. Nxd4 c5 8.
Ne2 Qxd1 9. Rxd1 Bd6 10. Nbc3 Be6 11. Bf4 O-O-O 12. Bxd6 Rxd6 13. Rxd6 cxd6 14.
Rd1 Kd7 15. f3 Ne7 16. Kf2 Kc6 17. Nf4 Bf7 18. h4 Re8 19. g4 b5 20. b3 b4 21.
Ncd5 Bxd5 22. Nxd5 Nxd5 23. Rxd5 Re5 24. Rxe5 fxe5 25. Ke3 a5 26. f4 exf4+ 27.
Kxf4 c4 28. Kf5 Kc5 29. e5 dxe5 30. Kxe5 c3 31. h5 h6 32. Ke4 Kd6 33. Kf5 Ke7
34. g5 hxg5 35. Kxg5 Kf8 36. Kg6 Kg8 37. Kf5 Kf7 38. Kg5 Kf8 39. Kg6 Kg8 {
Game drawn by mutual agreement} 1/2-1/2